|
|
|
|
| LEADER |
01846nam a2200481 i 4500 |
| 001 |
001839204 |
| 003 |
CZ BrMZK |
| 005 |
20221124065920.0 |
| 007 |
ta |
| 008 |
221101s2022 xr f u 000 0 cze |
| 020 |
|
|
|q (Brožováno)
|
| 040 |
|
|
|a BOA001
|b cze
|e rda
|
| 043 |
|
|
|a e-xr---
|
| 072 |
|
7 |
|a 628
|x Sanitární technika. Vodárenství. Odpadové hospodářství. Světelná technika
|2 Konspekt
|9 19
|
| 080 |
|
|
|a 628.143
|2 MRF
|
| 080 |
|
|
|a 696.11
|2 MRF
|
| 080 |
|
|
|a 006.7/.8
|2 MRF
|
| 080 |
|
|
|a (437.3)
|2 MRF
|
| 080 |
|
|
|a (083)
|2 MRF
|
| 110 |
2 |
|
|a Sweco Hydroprojekt (firma)
|7 mzk20221168985
|4 aut
|4 isb
|
| 245 |
1 |
0 |
|a TNV 75 5402 Výstavba vodovodního potrubí /
|c zpracovatel: Sweco Hydroprojekt a.s., Lenka Fremrová
|
| 246 |
3 |
0 |
|a Výstavba vodovodního potrubí
|
| 264 |
|
1 |
|a Praha :
|b Sweco Hydroprojekt a.s.,
|c [2022]
|
| 300 |
|
|
|a 15 stran ;
|c 30 cm
|
| 336 |
|
|
|a text
|b txt
|2 rdacontent
|
| 337 |
|
|
|a bez média
|b n
|2 rdamedia
|
| 338 |
|
|
|a svazek
|b nc
|2 rdacarrier
|
| 490 |
1 |
|
|a Odvětvová technická norma vodního hospodářství ;
|v leden 2022
|
| 500 |
|
|
|a Název z obálky
|
| 500 |
|
|
|a Na obálce: MZe ČR
|
| 500 |
|
|
|a Přehled souvisících norem a právních předpisů
|
| 504 |
|
|
|a Obsahuje bibliografii
|
| 650 |
0 |
7 |
|a vodovodní potrubí
|7 ph139285
|2 czenas
|
| 650 |
0 |
7 |
|a vodovodní instalace
|7 ph116617
|2 czenas
|
| 650 |
0 |
7 |
|a technické normy a standardy
|7 ph260676
|z Česko
|2 czenas
|
| 655 |
|
7 |
|a normy
|7 fd131861
|2 czenas
|
| 700 |
1 |
|
|a Fremrová, Lenka
|7 xx0242058
|4 com
|
| 710 |
1 |
|
|a Česko.
|b Ministerstvo zemědělství
|7 kn20010725025
|4 oth
|
| 830 |
|
0 |
|a Odvětvová technická norma vodního hospodářství
|
| 910 |
|
|
|a BOA001
|b 4-1493.794
|
| 990 |
|
|
|a BK
|
| 991 |
|
|
|b 202211
|c NOV
|
| 996 |
6 |
|
|b 2610920214
|c 4-1493.794
|d TNV 75 5402
|l MZK
|r STM 6p
|n 0
|p kup ; pult STM6
|h 006 TNV
|w 001904200
|u 000010
|a 0
|e BOA001
|j MZK50
|s P
|